| 000 | 00618nam a2200181Ia 4500 | ||
|---|---|---|---|
| 008 | 090124s9999 xx 000 0 und d | ||
| 082 | _b23559 | ||
| 100 | _aवाळिंबे वि. स. | ||
| 245 | _a मारुती कारस्थान | ||
| 250 | _a0 | ||
| 260 |
_bविश्र्वकर्मा साहित्यालय़ _c1979 |
||
| 300 | _a200 | ||
| 600 | _aवाळिंबे वि. स. | ||
| 630 | _a मारुती कारस्थान | ||
| 700 | _aवाळिंबे वि. स. | ||
| 730 | _a मारुती कारस्थान | ||
| 942 | _cBOOK | ||
| 999 |
_c92380 _d92380 |
||